000 00485nam a22001697a 4500
003 OSt
005 20211022093553.0
008 211022b |||||||| |||| 00| 0 eng d
020 _a0-7234-0931-5
040 _cHawassa University
050 _a635.0493/SNO
_b1
082 _a635.0493/SNO
_b1
100 _aSnowdon,Anna L.
_915001
245 _aA Colour Atlas of Post-Harvest Diseases and Disorders of Fruits and Vegetables
260 _bWolfe Scientific
_c1990
942 _2ddc
_cBOOKS
_n0
999 _c14294
_d14294